Clash of Clans Quizz - Statistics

General Stats
  • This quiz has been taken 36 times
  • The average score is 4 of 10
Answer Stats
Question Answer % Correct
What is the most wanted wish from players to come back to the game? A way to find an ingame girlfriend aka GC
100%
At which townhall are you able to unlock the Grand Warden? th11
100%
What is the most used attack stragtegie nowaday? Rootrider spam
75%
Why was clan war league reduced to 5 days in February Season? Because of Event Troops
50%
How many Dragons are their in the homevillage? 5
25%
What is the maximum amount of trophies, clans are able to limit their clans to join? 5500
25%
What is the best clan in Switzerland? Jimmy&Charly
25%
Who won the Wold Cup 2023? Clash Champs
0%
What event troops was the most over povered? Freeze Spell
0%
Which player has the most Rank 1 Season End Finish? STARs
0%
No matching quizzes found
Score Distribution
Percent of People with Each Score
Percentile by Number Answered
Your Score History
You have not taken this quiz